000 00546nam a2200229 a 4500
001 nice12345678
003 IN_TiNIC
005 20260116014255.0
008 080609s2005 luca grp 000 0 urd
020 _a
_c110
082 0 0 _a297.1248
_bMAJ
100 _aMajlisi, Mohd Baquar
245 _aTahzeebul Islam
260 _aLucknow
_bNizami Press
_c2005
300 _a606p
500 _aincludes index and biblioraphy
650 _aHadith-Shiah
700 1 _aMajlisi, Mohd Baquar
902 _bSRS
942 _cBK
999 _c14599
_d14599